000 00789nam a2200253Ia 4500
003 OSt
005 20220927110750.0
006 a|||||r|||| 00| 0
007 ta
008 220926b |||||||| |||| 00| 0 eng d
024 _a116199
037 _cReports
040 _aRTL
_cRTL
_beng
041 _2eng
_aeng
082 _a"MX411.2.N69t, L3/GD"
110 _aRoad Safety(study group on-)(1969). Chairman : K T Merchant (India)
_9380173
245 0 _aReport.
260 _aDelhi
_bMOP India
_c1973
300 _a272p. Appendix p 173-272.
_ccm.
650 _aUseful Arts
_9380174
700 _aRoad Safety(study group on-)(1969). Chairman : K T Merchant (India)
_9380175
942 _h"MX411.2.N69t, L3/GD"
_cCC
999 _c697847
_d697847